[Event "Tournoi Skype 021B"]
[Site "Skype"]
[Date "????.??.??"]
[Round "5.32"]
[White "Marty, Yvette"]
[Black "Moumtaz, Abderrahim"]
[Result "0-1"]
[WhiteElo "1000"]
[BlackElo "1191"]
[PlyCount "40"]

1. e4 e5 2. Nc3 Nf6 3. Bc4 Bc5 4. d3 O-O 5. Bg5 d6 6. Nge2 Nc6 7. O-O Qe7 8.
Nd5 Qe8 9. Nxf6+ gxf6 10. Bh4 Be6 11. Bxf6 Qd7 12. h3 Bxc4 13. dxc4 Qe6 14. Bh4
Kh8 15. Nc3 Rg8 16. g3 Qh6 17. Na4 Qxh4 18. Qf3 Rxg3+ 19. Qxg3 Qxg3+ 20. Kh1
Qxh3+ 0-1

[Event "Tournoi Skype 021B"]
[Site "Skype"]
[Date "????.??.??"]
[Round "5.33"]
[White "Lecluyse, Koenraad"]
[Black "Mimouni, Driss"]
[Result "1-0"]
[WhiteElo "1188"]
[BlackElo "1000"]
[PlyCount "119"]

1. d4 d5 2. Nf3 e6 3. Bf4 Bd6 4. Bxd6 Qxd6 5. e3 Nf6 6. Bd3 O-O 7. O-O Ng4 8.
h3 e5 9. Nxe5 Nd7 10. Qxg4 Nxe5 11. dxe5 Bxg4 12. exd6 cxd6 13. Nd2 Be6 14. Nf3
h6 15. Nd4 Bd7 16. e4 g6 17. Rfe1 Rfe8 18. exd5 Rxe1+ 19. Rxe1 h5 20. Nf3 f6
21. Bxg6 Be8 22. Bf5 Bf7 23. c4 Kg7 24. Re7 Rh8 25. Be6 Rf8 26. Rxb7 Kg6 27.
Nh4+ Kg5 28. Nf3+ Kg6 29. Rxa7 Bxe6 30. dxe6 Re8 31. e7 Kf7 32. Rd7 f5 33. Ng5+
Kg6 34. f4 h4 35. a4 Kg7 36. b4 Kf6 37. Nh7+ Ke6 38. Rc7 Rxe7 39. Rxe7+ Kxe7
40. a5 Kd7 41. a6 Kc8 42. a7 Kb7 43. Nf6 Kxa7 44. Nd5 Kb7 45. Kf2 Kc6 46. Ke3
Kd7 47. Kd4 Kc6 48. b5+ Kd7 49. Nb6+ Kc7 50. Nd5+ Kd7 51. b6 Kc8 52. Ne7+ Kb8
53. Kd5 Kb7 54. Kxd6 Kxb6 55. c5+ Kb7 56. c6+ Kb8 57. c7+ Kb7 58. c8=Q+ Kb6 59.
Qc6+ Ka5 60. Nxf5 1-0

[Event "Tournoi Skype 021B"]
[Site "Skype"]
[Date "????.??.??"]
[Round "5.34"]
[White "Schnell, Nicolas"]
[Black "Bacha, Mehdi"]
[Result "0-1"]
[WhiteElo "1000"]
[BlackElo "1177"]
[PlyCount "104"]

1. e4 c5 2. Nc3 e5 3. Be2 d6 4. Nf3 Nf6 5. Nb5 Be7 6. Bc4 O-O 7. d3 Bg4 8. h3
Bh5 9. g4 Bg6 10. Rg1 Qa5+ 11. Nc3 Nc6 12. g5 Nh5 13. Nh4 Nf4 14. Nxg6 Nxg6 15.
f4 exf4 16. Qh5 Nce5 17. Bd5 Qb4 18. Rf1 f3 19. a3 Qb6 20. Rb1 Qc7 21. Nb5 Qa5+
22. Nc3 Rab8 23. Bd2 a6 24. Rd1 Qb6 25. Bc1 Qc7 26. Rd2 Qd8 27. Rdf2 Qe8 28.
Qh4 Nxh4 29. Rg1 Ng2+ 30. Kf1 Qd8 31. g6 Nxg6 32. Rxf3 Ne5 33. Rg3 Bf6 34. Bh6
Ne3+ 35. Bxe3 Qb6 36. b3 Qa5 37. Bd2 Qxa3 38. Nd1 Qa1 39. Ke2 Qb1 40. h4 Qxc2
41. Nf2 c4 42. dxc4 Qxb3 43. h5 Qb6 44. h6 Qd4 45. hxg7 Rfc8 46. Rh3 Nxc4 47.
Bxf7+ Kxf7 48. Bh6 Qb2+ 49. Kf3 Qb3+ 50. Be3 Nxe3 51. Rxh7 Nc4+ 52. Kf4 Ne5 0-1

[Event "Tournoi Skype 021B"]
[Site "Skype"]
[Date "????.??.??"]
[Round "5.35"]
[White "Lawton, Tony"]
[Black "Hargez, Dany"]
[Result "0-1"]
[WhiteElo "1000"]
[BlackElo "1460"]
[PlyCount "78"]

1. e4 e5 2. Nf3 Nf6 3. Nxe5 d5 4. exd5 Qxd5 5. d4 Bb4+ 6. c3 Ba5 7. Bd3 O-O 8.
O-O c5 9. Be3 cxd4 10. Bxd4 Nc6 11. Nxc6 Qxc6 12. Qc2 g6 13. Re1 b6 14. Nd2 Bb7
15. Nf3 b5 16. Qd2 Bb6 17. Qh6 Bxd4 18. cxd4 Qd5 19. Re5 Qd7 20. Rae1 Rae8 21.
Qg5 Ng4 22. Bf5 Nxe5 23. Bxd7 Nxf3+ 24. gxf3 Rxe1+ 25. Kg2 Re2 26. Bxb5 Rxb2
27. a4 Rb3 28. d5 f6 29. Qd2 Rd8 30. Qc2 Bxd5 31. Bc4 Rb6 32. Bxd5+ Rxd5 33.
Qc8+ Kf7 34. Qc7+ Ke6 35. Qxa7 Rg5+ 36. Kh3 Rb4 37. Qe3+ Re5 38. Qa7 Rf4 39.
Qb6+ Kf5 0-1

[Event "Tournoi Skype 021B"]
[Site "Skype"]
[Date "????.??.??"]
[Round "6.1"]
[White "Levantini, Claudio"]
[Black "Vello, Pablo"]
[Result "1/2-1/2"]
[WhiteElo "1384"]
[BlackElo "1349"]
[PlyCount "53"]

1. e4 e6 2. d4 d5 3. exd5 exd5 4. Bd3 Nf6 5. Be3 Bd6 6. Nf3 O-O 7. O-O Bg4 8.
Nbd2 Nbd7 9. c4 c6 10. c5 Bc7 11. Re1 Ba5 12. a3 Bxd2 13. Bxd2 Re8 14. h3 Rxe1+
15. Bxe1 Bxf3 16. Qxf3 Qc7 17. Bd2 Re8 18. Bf4 Qd8 19. Bg5 Nf8 20. Bc2 h6 21.
Bxf6 Qxf6 22. Qxf6 gxf6 23. Kf1 Ne6 24. Rd1 Nf4 25. Bd3 Ne6 26. Bf5 Kf8 27.
Bxe6 1/2-1/2

[Event "Tournoi Skype 021B"]
[Site "Skype"]
[Date "????.??.??"]
[Round "6.2"]
[White "Calcino, Luis"]
[Black "Chavero, Victor"]
[Result "1-0"]
[WhiteElo "1400"]
[BlackElo "1396"]
[PlyCount "53"]

1. e4 e5 2. Nf3 Nf6 3. Nxe5 Nxe4 4. Qe2 d5 5. d3 Bd6 6. Nf3 O-O 7. dxe4 Re8 8.
Be3 dxe4 9. Nd4 Be5 10. c3 c5 11. Nb3 b6 12. N1d2 Bf5 13. O-O-O Qc7 14. g4 Bg6
15. h4 Bf4 16. h5 Bxe3 17. Qxe3 Bxh5 18. gxh5 h6 19. f3 Qg3 20. Rg1 Qh2 21. Rg2
Qxh5 22. Nxe4 Kf8 23. Qf4 f5 24. Ng3 Qf7 25. Nxf5 g5 26. Qd6+ Kg8 27. Nxh6+ 1-0

[Event "Tournoi Skype 021B"]
[Site "Skype"]
[Date "????.??.??"]
[Round "6.3"]
[White "Galani, Mahendra"]
[Black "Lemoine, Gerard"]
[Result "1-0"]
[WhiteElo "1433"]
[BlackElo "1330"]
[PlyCount "106"]

1. c3 d5 2. d4 c6 3. Nf3 Nf6 4. Nbd2 Bf5 5. Qb3 Qc7 6. Nh4 Bg6 7. g3 e6 8. Bg2
Be7 9. c4 Qb6 10. Qe3 Ng4 11. Qf4 Bh5 12. Nhf3 Nd7 13. Ne5 Ndf6 14. Nxg4 Bxg4
15. f3 Bf5 16. cxd5 cxd5 17. Nb3 Bd6 18. Qg5 Bb4+ 19. Bd2 Bxd2+ 20. Qxd2 O-O
21. O-O a5 22. Nc5 e5 23. e4 Bg6 24. exd5 Nxd5 25. Nd7 Qxd4+ 26. Qxd4 exd4 27.
Nxf8 Ne3 28. Rf2 Rxf8 29. Rc1 d3 30. Bh3 f5 31. Rc7 Nd1 32. Rd2 Nxb2 33. Rxb2
Rd8 34. Rd2 b5 35. Kf2 b4 36. Ke3 f4+ 37. gxf4 Re8+ 38. Kd4 Rd8+ 39. Kc5 Bf7
40. Ra7 Bxa2 41. Rxa5 b3 42. Rb5 Kf7 43. Bf5 h6 44. Bxd3 Ke7 45. Re2+ Kf6 46.
Rb6+ Kf7 47. Bc4+ Kf8 48. Kc6 Rc8+ 49. Kb5 b2 50. Bxa2 Re8 51. Rxb2 g5 52. f5
Re5+ 53. Ka6 Rxf5 1-0

[Event "Tournoi Skype 021B"]
[Site "Skype"]
[Date "????.??.??"]
[Round "6.4"]
[White "Milanese, Serge"]
[Black "Aceituno, Stebe"]
[Result "1/2-1/2"]
[WhiteElo "1377"]
[BlackElo "1419"]
[PlyCount "87"]

1. e4 c5 2. Nf3 Nc6 3. d4 cxd4 4. Nxd4 g6 5. c3 Bg7 6. Bc4 d6 7. O-O Nf6 8.
Nxc6 bxc6 9. Re1 O-O 10. h3 Qc7 11. Bf4 Bb7 12. Nd2 Nd7 13. Nf3 e5 14. Bg3 Nc5
15. Ng5 Rae8 16. f4 Qb6 17. Bf2 exf4 18. Qxd6 Qd8 19. Qxc5 Re5 20. Qxa7 Rxg5
21. Qxb7 Rxg2+ 22. Kxg2 Qg5+ 23. Kf3 Qh5+ 24. Kxf4 Qxh3 25. Qe7 Bh6+ 26. Ke5
Qh2+ 27. Kd4 Qxf2+ 28. Kd3 Qf3+ 29. Kc2 Qf2+ 30. Re2 Qf4 31. Rd1 Bg5 32. Bxf7+
Rxf7 33. Rd8+ Kg7 34. Qd6 Qc1+ 35. Kb3 Rb7+ 36. Kc4 Bxd8 37. Qxd8 Qf1 38. Qd4+
Kh6 39. Qe3+ Kh5 40. e5 Rxb2 41. Kd3 Qd1+ 42. Rd2 Qf1+ 43. Qe2+ Qxe2+ 44. Rxe2
1/2-1/2

[Event "Tournoi Skype 021B"]
[Site "Skype"]
[Date "????.??.??"]
[Round "6.5"]
[White "Martin, Jean-Claude"]
[Black "K, Muthuraman"]
[Result "1/2-1/2"]
[WhiteElo "1402"]
[BlackElo "1379"]
[PlyCount "91"]

1. d4 Nf6 2. c4 g6 3. Nc3 Bg7 4. e4 d6 5. d5 c6 6. Bd3 O-O 7. Nf3 b6 8. O-O Bb7
9. h3 Nbd7 10. dxc6 Bxc6 11. Qc2 Bb7 12. Re1 Nc5 13. Bg5 Nfd7 14. b4 Nxd3 15.
Qxd3 h6 16. Bh4 Ne5 17. Nxe5 Bxe5 18. Rac1 Rc8 19. Nb5 a6 20. Nd4 Qd7 21. Nf3
Rfd8 22. Nxe5 dxe5 23. Qxd7 Rxd7 24. f3 f6 25. Red1 Rcd8 26. Rxd7 Rxd7 27. Bf2
Rd6 28. c5 bxc5 29. Bxc5 Rd7 30. a4 Bc6 31. Bxe7 Bxa4 32. Bxf6 Rb7 33. Bxe5
Rxb4 34. Rc8+ Kf7 35. Rb8 Rxb8 36. Bxb8 h5 37. h4 Bd7 38. f4 Ke6 39. Kf2 Bc6
40. Ke3 Bb7 41. Kd4 Bc6 42. g3 Bb5 43. Kc5 Bd3 44. Kd4 Bb5 45. Kc5 Bd3 46. Kd4
1/2-1/2

[Event "Tournoi Skype 021B"]
[Site "Skype"]
[Date "????.??.??"]
[Round "6.6"]
[White "Maccaferri, Massimo"]
[Black "Marino, Giuseppe"]
[Result "0-1"]
[WhiteElo "1397"]
[BlackElo "1358"]
[PlyCount "74"]

1. e4 e5 2. Nf3 d6 3. Bc4 Bg4 4. c3 Nf6 5. d3 c6 6. Nbd2 d5 7. exd5 cxd5 8.
Bb5+ Nc6 9. Qa4 Bd7 10. O-O Be7 11. Re1 Bd6 12. b3 O-O 13. Bb2 a6 14. Bxc6 Bxc6
15. Qh4 Re8 16. c4 d4 17. Rac1 b6 18. b4 Qd7 19. c5 bxc5 20. bxc5 Bc7 21. Nc4
Bxf3 22. gxf3 Rac8 23. Rc2 Qc6 24. Nd2 Ba5 25. Qg3 Bc7 26. Nc4 e4 27. Qh3 exd3
28. Rxe8+ Rxe8 29. Rc1 Bf4 30. Rd1 Qxc5 31. Na3 d2 32. Qf1 Qg5+ 33. Kh1 Qh4 34.
h3 Nd5 35. Bxd4 Qh5 36. Qg1 Qxf3+ 37. Qg2 Re1+ 0-1

[Event "Tournoi Skype 021B"]
[Site "Skype"]
[Date "????.??.??"]
[Round "6.7"]
[White "Junqueira, Leonardo De Faria"]
[Black "Couto, Januario"]
[Result "0-1"]
[WhiteElo "1453"]
[BlackElo "1485"]
[PlyCount "106"]

1. e4 d5 2. e5 Bf5 3. h4 h5 4. d4 e6 5. Be3 Nd7 6. Nd2 c5 7. Bb5 c4 8. c3 a6 9.
Ba4 Be7 10. Ngf3 b5 11. Bc2 Bxc2 12. Qxc2 b4 13. Bg5 a5 14. Bxe7 Qxe7 15. Ng5
Nf8 16. Qa4+ Qd7 17. Qxd7+ Nxd7 18. O-O Ke7 19. Rfc1 f6 20. Ngf3 Nh6 21. b3
bxc3 22. Rxc3 cxb3 23. Nxb3 a4 24. Nbd2 Rhc8 25. Rac1 Kd8 26. Nb1 fxe5 27. Nxe5
Nxe5 28. dxe5 Rxc3 29. Nxc3 Rc8 30. Kf1 Ng4 31. Ke1 Nxe5 32. Kd1 Nd3 33. Rc2
Nxf2+ 34. Rxf2 Rxc3 35. Rb2 Ke7 36. Kd2 Rc4 37. Rb7+ Kf6 38. g3 Rg4 39. Ra7 Ke5
40. Ke2 d4 41. Kf3 d3 42. Ra5+ Kf6 43. Ra6 d2 44. Ke2 Rd4 45. Kd1 g6 46. Rb6
Kf5 47. Rc6 e5 48. Rc3 e4 49. Rc5+ Kf6 50. Rc6+ Kg7 51. Re6 Kf7 52. Rc6 e3 53.
Rc7+ Ke6 0-1

[Event "Tournoi Skype 021B"]
[Site "Skype"]
[Date "????.??.??"]
[Round "6.8"]
[White "Porcabeuf, Jean-Marc"]
[Black "Cayo, Ana Carolina"]
[Result "0-1"]
[WhiteElo "1270"]
[BlackElo "1000"]
[PlyCount "36"]

1. d4 d5 2. e3 Bf5 3. Bd3 Bxd3 4. Qxd3 c6 5. Nf3 e6 6. O-O Nf6 7. Nbd2 Nbd7 8.
Re1 Bd6 9. c3 O-O 10. e4 dxe4 11. Nxe4 Nxe4 12. Rxe4 Nf6 13. Rh4 Be7 14. Bg5 h6
15. Bxh6 gxh6 16. Rxh6 Kg7 17. Qe3 Ng4 18. Qe5+ Nxe5 0-1

[Event "Tournoi Skype 021B"]
[Site "Skype"]
[Date "????.??.??"]
[Round "6.9"]
[White "Malbec, Robert"]
[Black "Hernandez Lopez, Joaquin"]
[Result "1-0"]
[WhiteElo "1449"]
[BlackElo "1263"]
[PlyCount "77"]

1. e4 c5 2. Nf3 a6 3. d4 cxd4 4. Qxd4 Nc6 5. Qd1 e6 6. Bd3 Qc7 7. O-O Bd6 8. c3
Ne5 9. Nxe5 Bxe5 10. g3 Nf6 11. Bg5 O-O 12. Nd2 b5 13. Kg2 Bb7 14. f4 h6 15.
Bh4 Bd6 16. Bxf6 gxf6 17. Qg4+ Kh8 18. Qh4 Kh7 19. Qxf6 Rg8 20. Qxf7+ Kh8 21.
Qf6+ Kh7 22. Qh4 Bf8 23. Nf3 d5 24. e5+ Kh8 25. Kh3 Bg7 26. Ng5 Bf8 27. Qh5
Rxg5 28. fxg5 Bg7 29. gxh6 Bxe5 30. Qg4 Rg8 31. Qh4 d4 32. h7 Bg2+ 33. Kxg2
Rxg3+ 34. hxg3 Bxg3 35. Qxg3 Qg7 36. Qxg7+ Kxg7 37. Rf2 e5 38. Raf1 dxc3 39.
bxc3 1-0

[Event "Tournoi Skype 021B"]
[Site "Skype"]
[Date "????.??.??"]
[Round "6.10"]
[White "Battaglia, Gabriele"]
[Black "Kruzeniski, Randy"]
[Result "0-1"]
[WhiteElo "1284"]
[BlackElo "1435"]
[PlyCount "70"]

1. Nf3 d5 2. g3 c6 3. Bg2 Nf6 4. O-O g6 5. d3 Bg7 6. Nbd2 Nbd7 7. Re1 O-O 8. c3
b5 9. a3 a5 10. Nd4 Bb7 11. b3 e5 12. N4f3 Re8 13. Bb2 Qb6 14. e4 Ng4 15. exd5
Nxf2 16. Qe2 Nxd3+ 17. Qe3 Nxe1 18. Rxe1 Qxe3+ 19. Rxe3 cxd5 20. Bh3 f5 21. Bf1
Bc6 22. c4 d4 23. Re1 b4 24. a4 Nc5 25. Kf2 Rad8 26. Ba1 e4 27. Nxd4 Bxd4+ 28.
Bxd4 Rxd4 29. Ke3 Rd6 30. Rd1 Red8 31. Be2 h5 32. h3 Kg7 33. g4 f4+ 34. Kxf4
Rxd2 35. Ke3 Rxd1 0-1

[Event "Tournoi Skype 021B"]
[Site "Skype"]
[Date "????.??.??"]
[Round "6.11"]
[White "Torres, Vicky"]
[Black "Escudero Ocana, Francisco"]
[Result "1-0"]
[WhiteElo "1281"]
[BlackElo "1385"]
[PlyCount "93"]

1. e4 e5 2. Nf3 d6 3. Nc3 Nf6 4. Bc4 h6 5. O-O c5 6. d3 Be7 7. Nd5 Nc6 8. Nxf6+
Bxf6 9. c3 O-O 10. Be3 Be6 11. Bxe6 fxe6 12. Qb3 Qd7 13. h3 b6 14. a4 d5 15.
Rad1 a6 16. Qxb6 Qd6 17. Bxc5 Rab8 18. Bxd6 Rxb6 19. Bxf8 Kxf8 20. b4 d4 21.
Rc1 dxc3 22. Rxc3 Nxb4 23. Rc8+ Kf7 24. Rd1 Rd6 25. Ne1 Nc6 26. Rb1 Rd4 27.
Rb7+ Be7 28. Rxc6 Rxa4 29. Rbb6 Bd8 30. Rb7+ Kf6 31. Rb8 a5 32. Ra6 Ra1 33. Kh2
Rxe1 34. Rxa5 Re2 35. Kg3 Rc2 36. Rbb5 Rc3 37. Rxe5 Rxd3+ 38. f3 g5 39. Reb5 e5
40. Rxe5 Rd6 41. Rf5+ Kg6 42. Ra7 Rf6 43. Rxf6+ Kxf6 44. Kg4 Kg6 45. Ra6+ Kg7
46. Kh5 g4 47. hxg4 1-0

[Event "Tournoi Skype 021B"]
[Site "Skype"]
[Date "????.??.??"]
[Round "6.12"]
[White "Sanchez Padilla, Armando Edilber"]
[Black "Khatanhar, Mohit"]
[Result "0-1"]
[WhiteElo "1240"]
[BlackElo "1343"]
[PlyCount "44"]

1. e4 e5 2. Nf3 d6 3. Bc4 h6 4. O-O Nf6 5. d4 exd4 6. Nxd4 Bd7 7. Re1 Be7 8. e5
dxe5 9. Rxe5 O-O 10. Nf5 Bxf5 11. Rxf5 Qxd1+ 12. Bf1 Qxc1 13. Rb5 b6 14. c3 Ne4
15. Re5 Qxb2 16. Rxe4 Qxa1 17. Rxe7 Qxb1 18. g3 Nc6 19. Rxc7 Rac8 20. Rd7 Qxa2
21. Bg2 Ne5 22. Re7 Nd3 0-1

[Event "Tournoi Skype 021B"]
[Site "Skype"]
[Date "????.??.??"]
[Round "6.13"]
[White "Almiron, Patricia"]
[Black "Ramirez Reina, Orlando"]
[Result "0-1"]
[WhiteElo "1000"]
[BlackElo "1320"]
[PlyCount "56"]

1. e4 e5 2. f4 d6 3. Qf3 Nf6 4. fxe5 dxe5 5. Bb5+ c6 6. Bc4 Bg4 7. Qd3 Be7 8.
Qb3 Bh5 9. Qxb7 Nbd7 10. Nf3 O-O 11. Qxc6 Bg6 12. Nc3 Rc8 13. Qa4 Bc5 14. d3
Qb6 15. Rf1 Be3 16. Qb3 Bxc1 17. Rxc1 Qe3+ 18. Kd1 Rb8 19. Qa3 Ng4 20. Ne2 Nf2+
21. Rxf2 Qxf2 22. d4 exd4 23. Nexd4 Bxe4 24. Qxa7 Bxf3+ 25. gxf3 Ne5 26. Bd5
Rbd8 27. c4 Nxf3 28. Nxf3 Qxa7 0-1

[Event "Tournoi Skype 021B"]
[Site "Skype"]
[Date "????.??.??"]
[Round "6.14"]
[White "Navghane, Rahul"]
[Black "Bustos, Ricardo"]
[Result "1-0"]
[WhiteElo "1000"]
[BlackElo "1319"]
[PlyCount "63"]

1. e4 c5 2. Nf3 Nc6 3. c4 g6 4. Nc3 Bg7 5. a3 a6 6. Be2 b6 7. d3 Nf6 8. O-O O-O
9. h3 Nd4 10. Nxd4 cxd4 11. Nd5 Nxd5 12. exd5 Bb7 13. Bf3 d6 14. Bg5 h6 15. Bh4
Qd7 16. Bg4 f5 17. Bf3 b5 18. Bg3 Rac8 19. b3 Qc7 20. Rc1 Qb6 21. Re1 bxc4 22.
bxc4 e5 23. dxe6 Bxf3 24. Qxf3 Rce8 25. Qd5 Qc5 26. Bxd6 Qxd5 27. cxd5 Rf6 28.
Rc6 Bf8 29. e7 Bg7 30. Rxa6 Rf7 31. Bc5 Bf6 32. d6 1-0

[Event "Tournoi Skype 021B"]
[Site "Skype"]
[Date "????.??.??"]
[Round "6.16"]
[White "Gieschen, Mike"]
[Black "Gerbaux, Regis"]
[Result "1-0"]
[WhiteElo "1277"]
[BlackElo "1462"]
[PlyCount "47"]

1. e4 e5 2. Nf3 Nc6 3. Bb5 a6 4. Ba4 b5 5. Bb3 Nf6 6. Nc3 d6 7. O-O Be7 8. d4
Bb7 9. dxe5 Nxe5 10. Re1 h6 11. Nxe5 dxe5 12. Qxd8+ Rxd8 13. f3 O-O 14. Be3 Nh5
15. g4 Nf4 16. Bxf4 exf4 17. h3 c5 18. a3 c4 19. Ba2 Rd2 20. Re2 Rfd8 21. Rc1
Bf6 22. Rxd2 Rxd2 23. Nb1 Rxc2 24. Rxc2 1-0

[Event "Tournoi Skype 021B"]
[Site "Skype"]
[Date "????.??.??"]
[Round "6.17"]
[White "Munoz Gonzalez, Martin"]
[Black "Amato, Ludovica"]
[Result "1-0"]
[WhiteElo "1451"]
[BlackElo "1261"]
[PlyCount "39"]

1. Nf3 d5 2. d4 Nf6 3. e3 Bf5 4. Nh4 Bc8 5. Bd3 e6 6. Nd2 c5 7. c3 Be7 8. O-O
O-O 9. f4 Nc6 10. a3 cxd4 11. exd4 Qc7 12. Qc2 Bd7 13. Nhf3 Rac8 14. Ng5 Na5
15. Bxh7+ Kh8 16. Qb1 g6 17. Bxg6 fxg6 18. Qxg6 Be8 19. Qh6+ Kg8 20. Nxe6 1-0

[Event "Tournoi Skype 021B"]
[Site "Skype"]
[Date "????.??.??"]
[Round "6.18"]
[White "Ram, Madhukesh"]
[Black "De Nobrega, George"]
[Result "0-1"]
[WhiteElo "1237"]
[BlackElo "1420"]
[PlyCount "136"]

1. d4 Nf6 2. Nc3 d5 3. Bf4 a6 4. f3 Bf5 5. g4 Bg6 6. h3 e6 7. Bg2 Bd6 8. Bxd6
Qxd6 9. e4 Qg3+ 10. Kf1 dxe4 11. Nge2 Qd6 12. fxe4 e5 13. dxe5 Qxe5 14. Qd4 Nc6
15. Qxe5+ Nxe5 16. Nf4 Nc4 17. Re1 O-O 18. g5 Nh5 19. Nxh5 Bxh5 20. e5 c6 21.
b3 Nb6 22. Kf2 Rad8 23. Bf3 Bg6 24. Be4 Bxe4 25. Nxe4 Rfe8 26. Nd6 Re7 27. Re2
Nd5 28. Nf5 Re6 29. Rd1 Rde8 30. Rde1 Nc3 31. Nd6 R8e7 32. Nf5 Rd7 33. Re3 Rd2+
34. Kf3 Rxc2 35. Nd4 Nd5 36. Nxc2 Nxe3 37. Rxe3 h6 38. h4 Kh7 39. Nd4 Re8 40.
a4 Kg6 41. Kf4 Rd8 42. Rd3 c5 43. Ke4 cxd4 44. Rxd4 Rxd4+ 45. Kxd4 hxg5 46.
hxg5 Kxg5 47. Kc5 Kf5 48. Kb6 g5 49. Kxb7 g4 50. Kxa6 g3 51. b4 g2 52. b5 g1=Q
53. b6 Qf1+ 54. Ka7 Qf2 55. Ka6 Qe2+ 56. Ka7 Qe3 57. Ka6 Qd3+ 58. Ka5 Qd8 59.
Ka6 Qa8+ 60. Kb5 Kxe5 61. a5 Kd6 62. a6 Qc6+ 63. Ka5 Qc5+ 64. Ka4 Qxb6 65. Ka3
f5 66. a7 Qxa7+ 67. Kb4 Qc7 68. Kb5 f4 0-1

[Event "Tournoi Skype 021B"]
[Site "Skype"]
[Date "????.??.??"]
[Round "6.19"]
[White "Meaney, Mike"]
[Black "Mhabdi, Mahesh"]
[Result "1-0"]
[WhiteElo "1413"]
[BlackElo "1000"]
[PlyCount "81"]

1. d4 Nc6 2. Nf3 d5 3. Bf4 Bf5 4. a3 Nf6 5. Nc3 a6 6. h3 h6 7. e3 e6 8. Be2 Bd6
9. Bxd6 Qxd6 10. Bd3 Bxd3 11. Qxd3 O-O-O 12. O-O e5 13. Qf5+ Rd7 14. dxe5 Qe6
15. Qxe6 fxe6 16. exf6 gxf6 17. b4 e5 18. b5 Nb8 19. bxa6 Nxa6 20. Rfd1 c6 21.
Na4 Kc7 22. Rab1 b5 23. Nc3 Nc5 24. a4 e4 25. Nd4 Nxa4 26. Nxa4 bxa4 27. Ra1
Ra8 28. Ra3 Kd6 29. c4 Rg7 30. Nf5+ Kc5 31. Nxg7 dxc4 32. Rda1 Kb4 33. R3a2 Kb3
34. Rd2 c3 35. Rb1+ Kc4 36. Ra2 Kd3 37. Nf5 c2 38. Rc1 Rb8 39. Raxc2 a3 40. Nd4
Rb2 41. Rd1# 1-0

[Event "Tournoi Skype 021B"]
[Site "Skype"]
[Date "????.??.??"]
[Round "6.20"]
[White "Vincent, Andre"]
[Black "Briere, Jean"]
[Result "0-1"]
[WhiteElo "1274"]
[BlackElo "1370"]
[PlyCount "78"]

1. e4 e5 2. Nf3 Nc6 3. Nc3 Nf6 4. Bb5 d6 5. Bxc6+ bxc6 6. d4 Qe7 7. Bg5 h6 8.
Bh4 g5 9. Bg3 Nd7 10. Qd3 Bg7 11. Rd1 a5 12. Qe3 Ba6 13. b3 O-O 14. Ne2 d5 15.
exd5 cxd5 16. dxe5 c6 17. O-O Rfe8 18. Rfe1 Nxe5 19. Bxe5 Bxe5 20. Nxe5 Qxe5
21. Qxe5 Rxe5 22. Nd4 Rae8 23. Rxe5 Rxe5 24. Nxc6 Be2 25. Re1 Re4 26. Nxa5 Rd4
27. c3 Rd2 28. a4 Rc2 29. c4 dxc4 30. bxc4 Bxc4 31. Ra1 Bd5 32. Rd1 Rc5 33. g3
Rxa5 34. Rd4 Bc6 35. Rd8+ Kg7 36. Rd4 Bxa4 37. h4 Bb3 38. Rb4 Bd5 39. Rd4 Ra1+
0-1

[Event "Tournoi Skype 021B"]
[Site "Skype"]
[Date "????.??.??"]
[Round "6.21"]
[White "Rangasamy, Jayaprakash"]
[Black "Yanez, Leticia Jorgelina"]
[Result "0-1"]
[WhiteElo "1000"]
[BlackElo "1300"]
[PlyCount "138"]

1. e4 e5 2. Nf3 Nc6 3. Bc4 Nf6 4. d3 d5 5. exd5 Nxd5 6. O-O Bg4 7. h3 Bh5 8.
Nbd2 Qd6 9. Ne4 Qe6 10. Nc3 Nxc3 11. Bxe6 Nxd1 12. Bb3 e4 13. dxe4 O-O-O 14. c3
Bxf3 15. gxf3 Nxf2 16. Kxf2 Bc5+ 17. Be3 Bxe3+ 18. Kxe3 Ne5 19. Rad1 Rxd1 20.
Rxd1 Rd8 21. Rxd8+ Kxd8 22. f4 Ng6 23. Bxf7 Nh4 24. f5 Ke7 25. Bb3 Ng2+ 26. Kf3
Nh4+ 27. Kg3 g5 28. Kg4 Kf6 29. Kh5 Ng2 30. Kh6 Nf4 31. Kxh7 Nxh3 32. Bd1 Nf2
33. Bf3 g4 34. Bg2 g3 35. Kh6 Nd3 36. e5+ Kxf5 37. Bxb7 Kxe5 38. Kg5 Nf4 39.
Kg4 g2 40. Bxg2 Nxg2 41. b4 Ne3+ 42. Kf3 Nc4 43. Ke2 Ke4 44. Kd1 Kd3 45. b5
Kxc3 46. a4 Kb4 47. a5 Kxa5 48. b6 axb6 49. Kc1 Kb4 50. Kb1 Kb3 51. Ka1 c5 52.
Kb1 b5 53. Kc1 Na3 54. Kd2 b4 55. Kc1 Ka2 56. Kd2 b3 57. Kc3 b2 58. Kd2 b1=Q
59. Ke3 Qd1 60. Ke4 c4 61. Ke3 c3 62. Ke4 c2 63. Ke3 c1=Q+ 64. Ke4 Qc3 65. Kf5
Qdd4 66. Kg5 Qcc5+ 67. Kg6 Qdd6+ 68. Kg7 Qcc7+ 69. Kg8 Qdd8# 0-1

[Event "Tournoi Skype 021B"]
[Site "Skype"]
[Date "????.??.??"]
[Round "6.22"]
[White "Vervoort, Jean-Louis"]
[Black "Ruiz Gomez, Luz Alba"]
[Result "0-1"]
[WhiteElo "1395"]
[BlackElo "1292"]
[PlyCount "100"]

1. e4 e5 2. Bc4 Nf6 3. Nc3 Bc5 4. h3 Nc6 5. Nf3 O-O 6. O-O d6 7. d3 h6 8. Re1
a6 9. Be3 Ba7 10. Bxa7 Rxa7 11. Qd2 b5 12. Bb3 Bb7 13. a3 Nd4 14. Re3 Nxb3 15.
cxb3 c5 16. Rc1 Re8 17. Na2 Ra8 18. Rc2 Bc8 19. b4 Be6 20. Nc1 cxb4 21. axb4
Nh5 22. Ne2 Bb3 23. Rc3 Be6 24. d4 Qf6 25. d5 Bd7 26. Ng3 Qg6 27. Nxh5 Bxh3 28.
Ng3 Bd7 29. Rc7 Red8 30. Rec3 Bg4 31. Qc2 h5 32. Ra7 Rxa7 33. Rc7 Raa8 34. Rb7
a5 35. bxa5 Rxa5 36. Qc7 Ra1+ 37. Nf1 Raa8 38. Ng3 Rac8 39. Qb6 b4 40. Qxb4 Qh6
41. Ra7 h4 42. Qb7 Qf6 43. Nxh4 Rb8 44. Qc7 Rdc8 45. Qa5 Qxh4 46. Qa6 Rd8 47.
Qc6 Rbc8 48. Qb7 Qf6 49. f3 Bd7 50. Nh5 Qg6 0-1

[Event "Tournoi Skype 021B"]
[Site "Skype"]
[Date "????.??.??"]
[Round "6.23"]
[White "Bucherie, Volcy"]
[Black "Bouffard, Georges"]
[Result "0-1"]
[WhiteElo "1191"]
[BlackElo "1314"]
[PlyCount "42"]

1. d4 Nf6 2. c4 g6 3. Nc3 Bg7 4. Bf4 d6 5. Qa4+ Bd7 6. Nb5 a6 7. Qa5 b6 8.
Nxd6+ cxd6 9. Qg5 Ne4 10. Qd5 Bc6 11. Qxc6+ Nxc6 12. d5 Nd4 13. O-O-O Nf5 14.
Nf3 h6 15. e3 b5 16. cxb5 axb5 17. Bxb5+ Kf8 18. Bc6 Rxa2 19. Kb1 Rxb2+ 20. Kc1
Qb6 21. Bd7 Qc5# 0-1

[Event "Tournoi Skype 021B"]
[Site "Skype"]
[Date "????.??.??"]
[Round "6.24"]
[White "Farfallini, Michel"]
[Black "Scata, Laura"]
[Result "0-1"]
[WhiteElo "1305"]
[BlackElo "1191"]
[PlyCount "56"]

1. d4 c6 2. e4 d5 3. e5 Bf5 4. Bd3 Bxd3 5. Qxd3 e6 6. c3 Nd7 7. Nf3 Qb6 8. O-O
O-O-O 9. Nbd2 Be7 10. Nb3 f5 11. Bg5 h6 12. Be3 g5 13. Qc2 Qc7 14. c4 f4 15.
Bd2 Kb8 16. c5 g4 17. Nh4 Bxh4 18. Qg6 Nf8 19. Qxg4 Bg5 20. Ba5 Qe7 21. Bxd8
Qxd8 22. Nd2 h5 23. Qh3 Ne7 24. Qb3 Nf5 25. Nf3 Rg8 26. Rfd1 Nh4 27. Rd3 Be7
28. Nxh4 Bxh4 0-1

[Event "Tournoi Skype 021B"]
[Site "Skype"]
[Date "????.??.??"]
[Round "6.25"]
[White "Moumtaz, Abderrahim"]
[Black "Codina, Teresa"]
[Result "1-0"]
[WhiteElo "1191"]
[BlackElo "1266"]
[PlyCount "37"]

1. d4 Nf6 2. c4 e6 3. Nf3 d5 4. Nc3 Bb4 5. Qc2 c5 6. a3 Bxc3+ 7. Qxc3 cxd4 8.
Nxd4 Nc6 9. Nxc6 bxc6 10. Bg5 O-O 11. Rd1 h6 12. Bh4 Bd7 13. e4 dxe4 14. Qe5 e3
15. Qxe3 Qa5+ 16. b4 Qh5 17. Bxf6 gxf6 18. Be2 Rad8 19. Bxh5 1-0

[Event "Tournoi Skype 021B"]
[Site "Skype"]
[Date "????.??.??"]
[Round "6.26"]
[White "Homme, Jim"]
[Black "Lecluyse, Koenraad"]
[Result "0-1"]
[WhiteElo "1238"]
[BlackElo "1188"]
[PlyCount "30"]

1. d4 d5 2. Nf3 Nc6 3. Nbd2 Bg4 4. e3 Nf6 5. Bd3 e6 6. O-O Bd6 7. Re1 O-O 8. e4
e5 9. dxe5 Nxe5 10. exd5 Nxf3+ 11. gxf3 Bh5 12. Nb3 Nxd5 13. Nd4 Qf6 14. Be2
Nf4 15. Bxf4 Qxf4 0-1

[Event "Tournoi Skype 021B"]
[Site "Skype"]
[Date "????.??.??"]
[Round "6.27"]
[White "Borg, Anthony"]
[Black "Alverson, Ginny"]
[Result "0-1"]
[WhiteElo "1222"]
[BlackElo "1086"]
[PlyCount "44"]

1. d4 Nf6 2. c4 d5 3. e3 Nbd7 4. Nc3 e6 5. cxd5 exd5 6. Bd3 Bb4 7. Qc2 c5 8.
Nf3 c4 9. Bf5 O-O 10. O-O Qe7 11. Re1 Nb6 12. Bxc8 Raxc8 13. Ne5 Ne4 14. Re2
Nxc3 15. bxc3 Bd6 16. e4 Bxe5 17. exd5 Qd7 18. Rxe5 Nxd5 19. Bg5 f6 20. Bxf6
Nxf6 21. Rae1 Rce8 22. Qa4 Qxa4 0-1